[Event "Mecklenburg VP LL2 West 2223"]
[Site "Mecklenburg VP"]
[Date "2022.11.27"]
[Round "3.5"]
[White "Silwedel, Bjoern"]
[Black "Hilpert, Andreas"]
[Result "0-1"]
[WhiteElo "1675"]
[BlackElo "1879"]
[PlyCount "115"]
[EventDate "2022.10.23"]
[EventType "team-tourn"]
[EventRounds "9"]
[EventCountry "GER"]
[SourceTitle "EXT 2024"]
[Source "ChessBase"]
[SourceDate "2023.10.10"]
[SourceVersion "1"]
[SourceVersionDate "2023.10.10"]
[SourceQuality "1"]
[WhiteTeam "Kuehlungsborn SV Empor"]
[BlackTeam "Ludwigslust"]
[WhiteTeamCountry "GER"]
[BlackTeamCountry "GER"]

1. d4 Nf6 2. Nf3 d5 3. h3 Bf5 4. Bf4 e6 5. c3 Bd6 6. Bxd6 Qxd6 7. e3 Nbd7 8. Nbd2 0-0 9. c4 c5 10. cxd5 exd5 11. Rc1 Rac8 12. a4 c4 13. Nh4 Bg6 14. Nxg6 hxg6 15. Be2 a5 16. Qc2 Qb4 17. 0-0 Nb6 18. e4 Nxe4 19. Nxe4 dxe4 20. Qxe4 Rfe8 21. Qc2 Qxa4 22. Bf3 Qxc2 23. Rxc2 Re7 24. Ra1 a4 25. Kf1 Rd8 26. Rd1 Red7 27. Ke2 Kf8 28. Ke3 Ke7 29. h4 Kd6 30. h5 gxh5 31. Bxh5 Nd5+ 32. Kd2 g6 33. Bf3 b5 34. Re1 Nb4 35. Rc3 Nd3 36. Rxd3 cxd3 37. Kxd3 f5 38. Re5 Rb8 39. Rd5+ Ke7 40. Re5+ Kf6 41. Bc6 Rd6 42. Rc5 Rc8 43. d5 Ke5 44. g3 g5 45. Ke3 f4+ 46. Kf3 fxg3 47. Kxg3 Rb8 48. Kg4 Rf8 49. f3 Rf4+ 50. Kg3 Rh4 51. Rxb5 Rf4 52. Rc5 Rdf6 53. Rc3 Rb4 54. Re3+ Kd6 55. Ra3 Rff4 56. Ra2 Rb3 57. Rxa4 Rbxf3+ 58. Kg2 0-1

[Event "Mecklenburg VP VL1819"]
[Site "Mecklenburg VP"]
[Date "2018.11.11"]
[Round "2.6"]
[White "Hilpert, Andreas"]
[Black "Kohn, Thomas2222"]
[Result "1-0"]
[WhiteElo "1860"]
[BlackElo "1851"]
[PlyCount "93"]
[EventDate "2018.10.21"]
[EventType "team-tourn"]
[EventRounds "9"]
[EventCountry "GER"]
[SourceTitle "EXT 2022"]
[Source "ChessBase"]
[SourceDate "2021.10.06"]
[SourceVersion "1"]
[SourceVersionDate "2021.10.06"]
[SourceQuality "1"]
[WhiteTeam "Ludwigslust VT 2000"]
[BlackTeam "Stralsund FHSG"]
[WhiteTeamCountry "GER"]
[BlackTeamCountry "GER"]

1. e4 c5 2. Nc3 Nc6 3. g3 g6 4. Bg2 Bg7 5. Nge2 d6 6. 0-0 Nf6 7. d3 0-0 8. f4 Bg4 9. h3 Bxe2 10. Nxe2 e6 11. g4 d5 12. g5 Nh5 13. e5 Nxe5 14. fxe5 Bxe5 15. Bf3 Ng3 16. Nxg3 Bxg3 17. Bg2 Be5 18. c3 Qd7 19. Qe2 Bg7 20. Bf4 d4 21. c4 e5 22. Bd2 Rab8 23. a4 a6 24. b4 b5 25. axb5 axb5 26. cxb5 Qxb5 27. Ra5 Qd7 28. Rxc5 Rfc8 29. Qg4 Qxg4 30. hxg4 Rxc5 31. bxc5 Bf8 32. c6 Bd6 33. Bd5 Rf8 34. Ba5 Kg7 35. Rf6 Be7 36. c7 Bxf6 37. gxf6+ Kxf6 38. Bb7 Kg5 39. c8Q Rxc8 40. Bxc8 Kf4 41. Kf2 f5 42. gxf5 gxf5 43. Bd2+ Kg4 44. Be6 h5 45. Kg2 h4 46. Bc1 h3+ 47. Kh2 1-0

[Event "Mecklenburg VP LL 1617"]
[Site "Mecklenburg VP"]
[Date "2017.04.23"]
[Round "9.6"]
[White "Menkhaus, Wolf Dieter"]
[Black "Hilpert, Andreas"]
[Result "1/2-1/2"]
[WhiteElo "1800"]
[BlackElo "1787"]
[PlyCount "76"]
[EventDate "2016.10.16"]
[EventType "team-tourn"]
[EventRounds "9"]
[EventCountry "GER"]
[SourceTitle "EXT 2022"]
[Source "ChessBase"]
[SourceDate "2021.10.06"]
[SourceVersion "1"]
[SourceVersionDate "2021.10.06"]
[SourceQuality "1"]
[WhiteTeam "Rostock SSC 07 II"]
[BlackTeam "Ludwigslust VT 2000"]
[WhiteTeamCountry "GER"]
[BlackTeamCountry "GER"]

1. d4 f5 2. c4 Nf6 3. Nc3 e6 4. g3 Be7 5. Bg2 c6 6. Nf3 0-0 7. 0-0 d5 8. Qd3 h6 9. Bf4 Ne4 10. Ne5 Nxc3 11. bxc3 Qe8 12. c5 Nd7 13. Nxd7 Bxd7 14. Be5 Bf6 15. Bd6 Rf7 16. Rfb1 Bc8 17. f4 g6 18. a4 Bd8 19. a5 a6 20. e3 Bc7 21. Bxc7 Rxc7 22. Bf3 Bd7 23. Kf2 Rd8 24. Rg1 Bc8 25. g4 Rg7 26. h4 Rdd7 27. Rg3 Qf8 28. g5 h5 29. Rgg1 Rdf7 30. Bg2 Kh7 31. c4 Re7 32. Qb3 Rgf7 33. Rgd1 Re8 34. Qb4 Qe7 35. Re1 Qc7 36. Bf1 Rfe7 37. Qb6 Qb8 38. Rab1 Qc7 1/2-1/2

[Event "Mecklenburg VP LL 1617"]
[Site "Mecklenburg VP"]
[Date "2016.12.04"]
[Round "4.5"]
[White "Paulowitz, Bernd Rainer"]
[Black "Hilpert, Andreas"]
[Result "1/2-1/2"]
[WhiteElo "1892"]
[BlackElo "1787"]
[PlyCount "75"]
[EventDate "2016.10.16"]
[EventType "team-tourn"]
[EventRounds "9"]
[EventCountry "GER"]
[SourceTitle "EXT 2022"]
[Source "ChessBase"]
[SourceDate "2021.10.06"]
[SourceVersion "1"]
[SourceVersionDate "2021.10.06"]
[SourceQuality "1"]
[WhiteTeam "Stralsund FHSG"]
[BlackTeam "Ludwigslust VT 2000"]
[WhiteTeamCountry "GER"]
[BlackTeamCountry "GER"]

1. d4 d5 2. c4 c6 3. Nc3 Nf6 4. Nf3 e6 5. e3 Be7 6. Bd3 0-0 7. 0-0 b6 8. Qe2 Bb7 9. b3 Nbd7 10. Bb2 c5 11. Rad1 cxd4 12. exd4 Re8 13. Ne5 Nf8 14. cxd5 exd5 15. Qf3 Ne6 16. Ne2 Bd6 17. Ng4 Nxg4 18. Qxg4 Qg5 19. Qxg5 Nxg5 20. Ng3 g6 21. Ne2 f5 22. Bc1 Ne6 23. f4 Rac8 24. Bd2 Kf7 25. a4 a5 26. Kf2 h6 27. g3 Kf6 28. Rc1 g5 29. Bb5 Rxc1 30. Rxc1 Rc8 31. Rxc8 Bxc8 32. Kf3 g4+ 33. Ke3 Bb7 34. Bc3 Ng7 35. Nc1 Ne6 36. Nd3 Nd8 37. Ne5 Bc8 38. Kd3 1/2-1/2

[Event "Mecklenburg VP LL 1617"]
[Site "Mecklenburg VP"]
[Date "2016.11.06"]
[Round "2.6"]
[White "Lehmann, Ruben"]
[Black "Hilpert, Andreas"]
[Result "1-0"]
[WhiteElo "1940"]
[BlackElo "1787"]
[PlyCount "99"]
[EventDate "2016.10.16"]
[EventType "team-tourn"]
[EventRounds "9"]
[EventCountry "GER"]
[SourceTitle "EXT 2022"]
[Source "ChessBase"]
[SourceDate "2021.10.06"]
[SourceVersion "1"]
[SourceVersionDate "2021.10.06"]
[SourceQuality "1"]
[WhiteTeam "Torgelow Droegeheide"]
[BlackTeam "Ludwigslust VT 2000"]
[WhiteTeamCountry "GER"]
[BlackTeamCountry "GER"]

1. d4 f5 2. g3 Nf6 3. Bg2 d5 4. c4 e6 5. Nh3 c6 6. Nd2 Bd6 7. 0-0 0-0 8. Qc2 Qe7 9. Nf3 Nbd7 10. Nf4 Ne4 11. Nd3 h6 12. Nfe5 Bxe5 13. dxe5 Ng5 14. Bd2 a5 15. b4 Ne4 16. Be1 axb4 17. cxd5 exd5 18. Bxb4 c5 19. Bxe4 fxe4 20. Nxc5 Rf5 21. f4 b6 22. Na6 Nc5 23. Bxc5 bxc5 24. Qxc5 Qf7 25. Nc7 Rb8 26. Qxd5 Qxd5 27. Nxd5 Rf7 28. Rfb1 Rfb7 29. Ne7+ Kf7 30. Rxb7 Bxb7 31. Nf5 Ba6 32. Kf2 Rb2 33. Nd4 Bc4 34. a4 Ba6 35. Ke3 Bb7 36. a5 Ba6 37. Kxe4 Rb4 38. e6+ Kf6 39. Rc1 Bxe2 40. Rc7 Bg4 41. Kd5 Ra4 42. Rf7+ Kg6 43. f5+ Bxf5 44. Rxf5 Rxa5+ 45. Ke4 Ra1 46. Rf3 Ra7 47. Kd5 Ra1 48. e7 Re1 49. Kd6 Re4 50. Rf4 1-0

[Event "Mecklenburg VP LL2 West 1516"]
[Site "Mecklenburg VP"]
[Date "2016.01.17"]
[Round "5.5"]
[White "Hilpert, Andreas"]
[Black "Moews, Harald"]
[Result "0-1"]
[WhiteElo "1940"]
[BlackElo "1782"]
[PlyCount "74"]
[EventDate "2015.09.20"]
[EventType "team-tourn"]
[EventRounds "9"]
[EventCountry "GER"]
[SourceTitle "EXT 2022"]
[Source "ChessBase"]
[SourceDate "2021.10.06"]
[SourceVersion "1"]
[SourceVersionDate "2021.10.06"]
[SourceQuality "1"]
[WhiteTeam "Ludwigslust VT 2000"]
[BlackTeam "Schwerin SV Einheit"]
[WhiteTeamCountry "GER"]
[BlackTeamCountry "GER"]

1. e4 e6 2. b3 c6 3. Bb2 d5 4. g3 dxe4 5. Nc3 Nf6 6. Bg2 Nbd7 7. Qe2 Be7 8. Nxe4 0-0 9. 0-0-0 a5 10. a4 Rb8 11. g4 Nd5 12. Nc3 Nf4 13. Qf3 Nxg2 14. Qxg2 b5 15. Nge2 bxa4 16. Nxa4 Nb6 17. Nec3 Nd5 18. Qe4 Bb7 19. Rhg1 c5 20. Nxd5 exd5 21. Qf4 d4 22. g5 Bc6 23. Qg3 Bxa4 24. bxa4 Qb6 25. Qa3 Rb7 26. Rde1 Rfb8 27. Rg3 Qxb2+ 28. Qxb2 Rxb2 29. Rb3 R2xb3 30. cxb3 Bxg5 31. Re5 f6 32. Rxc5 Rxb3 33. Rxa5 d3 34. Rc5 Bf4 35. h3 Be5 36. Kd1 Ra3 37. a5 Bb2 0-1

[Event "Mecklenburg VP LL2 West 1415"]
[Site "Mecklenburg VP"]
[Date "2015.02.22"]
[Round "6.4"]
[White "Vieten, Florian"]
[Black "Hilpert, Andreas"]
[Result "1-0"]
[WhiteElo "1675"]
[BlackElo "1835"]
[PlyCount "122"]
[EventDate "2014.09.21"]
[EventType "team-tourn"]
[EventRounds "9"]
[EventCountry "GER"]
[SourceTitle "EXT 2022"]
[Source "ChessBase"]
[SourceDate "2021.10.06"]
[SourceVersion "1"]
[SourceVersionDate "2021.10.06"]
[SourceQuality "1"]
[WhiteTeam "Putlitzer SV 1921"]
[BlackTeam "Ludwigslust VT 2000"]
[WhiteTeamCountry "GER"]
[BlackTeamCountry "GER"]

1. e4 e5 2. Nc3 Bc5 3. Bc4 Nf6 4. Nf3 d6 5. d3 h6 6. Na4 Bb6 7. Nxb6 axb6 8. d4 Qe7 9. dxe5 dxe5 10. 0-0 0-0 11. Qe2 Bg4 12. h3 Bxf3 13. Qxf3 Qb4 14. Qb3 Qxb3 15. Bxb3 Nxe4 16. Re1 Nc5 17. Rxe5 Nxb3 18. cxb3 Nc6 19. Re4 f5 20. Ra4 Rxa4 21. bxa4 Nd4 22. Be3 Nc2 23. Rd1 Nxe3 24. fxe3 Rf7 25. Rd8+ Kh7 26. Kf2 Kg6 27. b4 Kf6 28. b5 Ke7 29. Rb8 Kd7 30. a5 bxa5 31. Rxb7 Kd6 32. Ra7 Kc5 33. a4 Kb6 34. Ra6+ Kb7 35. Kf3 Re7 36. Rxa5 Re5 37. Ra6 h5 38. Kf4 Re4+ 39. Kxf5 Rxe3 40. Kf4 Rc3 41. Re6 h4 42. Re3 Rc5 43. Re4 Rc2 44. g3 hxg3 45. Kxg3 Rc1 46. Kg4 Rg1+ 47. Kf5 g6+ 48. Kf6 g5 49. Rg4 Rh1 50. Rg3 Ra1 51. Kxg5 Rxa4 52. Rb3 Kb6 53. h4 Ra1 54. h5 Rg1+ 55. Kh6 Rc1 56. Kh7 Ka5 57. h6 Ka4 58. b6 Re1 59. b7 Re7+ 60. Kg6 Kxb3 61. b8Q+ Kc4 1-0

[Event "Mecklenburg VP LL2 West 1415"]
[Site "Mecklenburg VP"]
[Date "2014.12.07"]
[Round "4.4"]
[White "Hilpert, Andreas"]
[Black "Schubert, Erik"]
[Result "0-1"]
[WhiteElo "1835"]
[BlackElo "1737"]
[PlyCount "52"]
[EventDate "2014.09.21"]
[EventType "team-tourn"]
[EventRounds "9"]
[EventCountry "GER"]
[SourceTitle "EXT 2022"]
[Source "ChessBase"]
[SourceDate "2021.10.06"]
[SourceVersion "1"]
[SourceVersionDate "2021.10.06"]
[SourceQuality "1"]
[WhiteTeam "Ludwigslust VT 2000"]
[BlackTeam "Wismar ASV Gruen-Weiss II"]
[WhiteTeamCountry "GER"]
[BlackTeamCountry "GER"]

1. e4 e5 2. Nf3 Nc6 3. Bc4 Bc5 4. c3 Nf6 5. b4 Bb6 6. d3 d6 7. a4 a5 8. b5 Ne7 9. Bb3 0-0 10. Bg5 Ng6 11. h4 h6 12. h5 Nf4 13. Bxf4 exf4 14. Qd2 Ng4 15. d4 Qf6 16. Nh2 Re8 17. Nxg4 Rxe4+ 18. Kf1 Bxg4 19. f3 Re3 20. fxg4 Rae8 21. Na3 f3 22. g3 f2 23. Bd5 Re1+ 24. Kg2 f1Q+ 25. Rxf1 Qxf1+ 26. Kh2 R8e2+ 0-1

[Event "Mecklenburg VP LL2 West 1314"]
[Site "Mecklenburg VP"]
[Date "2013.12.15"]
[Round "4.1"]
[White "Hilpert, Andreas"]
[Black "Mueller, Michael"]
[Result "0-1"]
[WhiteElo "1867"]
[BlackElo "1813"]
[PlyCount "116"]
[EventDate "2013.10.27"]
[EventType "team-tourn"]
[EventRounds "9"]
[EventCountry "GER"]
[SourceTitle "EXT 2022"]
[Source "ChessBase"]
[SourceDate "2021.10.06"]
[SourceVersion "1"]
[SourceVersionDate "2021.10.06"]
[SourceQuality "1"]
[WhiteTeam "Ludwigslust Post SV II"]
[BlackTeam "Rostock SSC 07 III"]
[WhiteTeamCountry "GER"]
[BlackTeamCountry "GER"]

1. e4 e6 2. b3 d5 3. Bb2 Nf6 4. e5 Nfd7 5. Nf3 c5 6. Bb5 Qa5 7. Qe2 a6 8. Bxd7+ Bxd7 9. 0-0 Nc6 10. d3 Be7 11. Nbd2 g5 12. h3 h5 13. c4 g4 14. Nh2 gxh3 15. cxd5 hxg2 16. Rfc1 Nd4 17. Bxd4 cxd4 18. Nc4 Qb4 19. a3 Qb5 20. Nf3 Kf8 21. dxe6 Bxe6 22. Nxd4 Qd5 23. Nxe6+ Qxe6 24. Kxg2 Rd8 25. Qe4 Bc5 26. Ne3 Rg8+ 27. Kf1 Bxe3 28. Qxe3 Qxb3 29. Rab1 Qxd3+ 30. Qxd3 Rxd3 31. Rxb7 Rg6 32. Rcc7 Rf3 33. Rc8+ Kg7 34. Rbb8 Rxa3 35. Rh8 Ra1+ 36. Ke2 Ra2+ 37. Kd3 f5 38. Rhg8+ Kh7 39. Rxg6 Kxg6 40. f4 Ra4 41. Rb6+ Kg7 42. Ke3 h4 43. Kf3 a5 44. Rf6 Ra3+ 45. Kg2 a4 46. Rxf5 Re3 47. Rf6 Re4 48. Kf3 h3 49. Rc6 Re1 50. Rc2 a3 51. Kg4 Re3 52. Kf5 Kf7 53. Rc7+ Ke8 54. Ke6 Kd8 55. Rd7+ Kc8 56. Rd2 Rb3 57. Ra2 Rb6+ 58. Kf7 Rh6 0-1